000 00509nam a2200193Ia 4500
005 20250326142847.0
008 250326s9999 xx 000 0 und d
020 _a81-7446-225-2
037 _aTextbook
040 _aFMSL
_beng
_cFMSL
041 _aeng
_2eng
084 _aX:74(Z) P1
_qFMSL
100 _aGulshan S S
245 0 _aBusiness law
_cGulshan S S
260 _aNew Delhi
_bNew Delhi, Excel Books
_c2001
300 _a640p
942 _cTB
_hX:74(Z) P1
999 _c1296981
_d1296981